Lịch sử thế giới Tập 2 Hy Lạp, La Mã, khu vực Địa Trung Hải

Bewaard in:
Bibliografische gegevens
Hoofdauteur: Kondo, Jiro (Chủ biên)
Andere auteurs: Nguyễn, Huy Hoàng (Dịch), Nanbo, Hidehisa (Nguyên tác), Kanda, Futa (Tranh)
Formaat: Boek
Gepubliceerd in: Hà Nội Giáo dục 2020
Onderwerpen:
Tags: Voeg label toe
Geen labels, Wees de eerste die dit record labelt!
Thư viện lưu trữ: Trung tâm Học liệu Lê Vũ Hùng, Trường Đại học Đồng Tháp
LEADER 01087pam a22003018a 4500
001 00046020
005 20201130101137.0
008 170516s1996 ||||||Viesd
020 # # |c 120000  |a 9786040231734 
041 0 # |a Vie 
082 1 4 |a 930  |b L302S 
100 1 # |a Kondo, Jiro  |e Chủ biên 
245 1 0 |a Lịch sử thế giới  |c Jiro Kondo (chủ biên); Futa Kanda (tranh); Hidehisa Nanbo (nguyên tác); Nguyễn Huy Hoàng (dịch)  |n Tập 2  |p Hy Lạp, La Mã, khu vực Địa Trung Hải 
260 # # |a Hà Nội  |b Giáo dục  |c 2020 
300 # # |a 172 tr.  |c 24 cm 
653 # # |a La Mã 
653 # # |a Hy Lạp 
653 # # |a Lịch sử cổ đại 
653 # # |a Địa Trung Hải 
653 # # |a Truyện tranh 
653 # # |a Sự kiện 
653 # # |a Lịch sử thế giới 
700 1 # |a Nguyễn, Huy Hoàng  |e Dịch 
700 1 # |a Nanbo, Hidehisa  |e Nguyên tác 
700 1 # |a Kanda, Futa  |e Tranh 
852 # # |j KD.0027563 
910 # # |d 30/11/2020 
980 # # |a Trung tâm Học liệu Lê Vũ Hùng, Trường Đại học Đồng Tháp